[Event "European Youth Chess Championship G16"]
[Site "Prague, Top Hotel Prague"]
[Date "2016.08.27"]
[Round "9.38"]
[White "Giordano, Giulia"]
[Black "Garcia, Megan Alyssa"]
[Result "1-0"]
[WhiteElo "1831"]
[BlackElo "1592"]
[PlyCount "55"]
[EventDate "2016.08.18"]

1. d4 Nf6 2. Nf3 e6 3. e3 d5 4. Bd3 c5 5. c3 Nc6 6. Ne5 Nxe5 7. dxe5 Nd7 8. f4
c4 9. Bc2 Qh4+ 10. g3 Qh3 11. Qe2 f6 12. e4 Be7 13. exd5 exd5 14. e6 Nc5 15. f5
Bd6 16. Qf3 Bxe6 17. fxe6 Qxe6+ 18. Be3 O-O 19. O-O Rfe8 20. Re1 Nd3 21. Bxd3
cxd3 22. Nd2 Qf7 23. Bf2 Rxe1+ 24. Rxe1 d4 25. Qxd3 Qxa2 26. Qxd4 Be5 27. Qc4+
Qxc4 28. Nxc4 1-0

[Event "European Youth Chess Championship G16"]
[Site "Prague, Top Hotel Prague"]
[Date "2016.08.27"]
[Round "9.39"]
[White "Manova, Ivana"]
[Black "Zach, Asif"]
[Result "1/2-1/2"]
[WhiteElo "1792"]
[BlackElo "1569"]
[PlyCount "130"]
[EventDate "2016.08.18"]

1. e4 c5 2. c3 g6 3. Nf3 Bg7 4. Bc4 Nc6 5. O-O d6 6. Na3 Nf6 7. Re1 O-O 8. d4
cxd4 9. Nxd4 Nxd4 10. Qxd4 Ng4 11. Qd2 Bh6 12. Qe2 Bxc1 13. Raxc1 Ne5 14. Bb3
a5 15. Ba4 Qb6 16. Nb5 f5 17. exf5 Bxf5 18. Qe3 Qxe3 19. Rxe3 Nd3 20. Bb3+ Kh8
21. Rc2 a4 22. Be6 Ne5 23. Bxf5 Rxf5 24. Nd4 Rf7 25. h3 Ra6 26. Re4 Nd3 27. Rd2
Nc5 28. Re3 Kg7 29. Nc2 Rb6 30. Nb4 Nd7 31. Nd5 Rb5 32. Rxe7 Rxe7 33. Nxe7 Nf6
34. f3 Rc5 35. Rxd6 Kf7 36. Nxg6 Kxg6 37. Rb6 a3 38. Rxb7 axb2 39. Rxb2 Rxc3
40. a4 Ra3 41. Rb4 Nd5 42. Rc4 Ne3 43. Rc6+ Kg7 44. Kf2 Nd1+ 45. Ke2 Nb2 46.
Ra6 Ra2 47. g4 Nc4+ 48. Kd3 Ne5+ 49. Ke4 Re2+ 50. Kf4 Nd3+ 51. Kg3 Nc5 52. Ra7+
Kg6 53. Ra8 Re1 54. h4 Rg1+ 55. Kh2 Ra1 56. a5 Ra3 57. Kg3 Ne4+ 58. Kf4 Nd2 59.
a6 Nxf3 60. a7 Kg7 61. Rd8 Rxa7 62. Kxf3 Ra4 63. Re8 h5 64. gxh5 Rxh4 65. Re5
Kh6 1/2-1/2

[Event "European Youth Chess Championship G16"]
[Site "Prague, Top Hotel Prague"]
[Date "2016.08.27"]
[Round "9.40"]
[White "Nemcova, Kamila"]
[Black "Waardenburg, Feline"]
[Result "1-0"]
[WhiteElo "1774"]
[BlackElo "1559"]
[PlyCount "83"]
[EventDate "2016.08.18"]

1. e4 c5 2. Nf3 Nc6 3. d4 cxd4 4. Nxd4 g6 5. Nc3 Bg7 6. Nb3 Nf6 7. Be2 O-O 8.
O-O d6 9. Bg5 a6 10. f4 Nd7 11. Qd2 Nb6 12. Rae1 Be6 13. f5 Bc4 14. fxg6 hxg6
15. Bh6 Bxe2 16. Bxg7 Kxg7 17. Qxe2 Rc8 18. Rf2 Ne5 19. Ref1 Nbc4 20. Nd4 Qd7
21. b3 Nb6 22. Nb1 Ng4 23. Rf4 e5 24. Rxg4 exd4 25. Qf3 Qe6 26. Rf2 Rc7 27. Rf4
Qe5 28. Kh1 d5 29. exd5 Nxd5 30. Re4 Qg5 31. Rxd4 Ne7 32. c4 Nf5 33. Rg4 Qc1+
34. Rf1 Qxf1+ 35. Qxf1 Ne3 36. Qf4 Rd7 37. Qxe3 Rd1+ 38. Qg1 Rfd8 39. Nc3 Rxg1+
40. Kxg1 Rd2 41. Kf1 Rc2 42. Rg3 1-0

[Event "European Youth Chess Championship G16"]
[Site "Prague, Top Hotel Prague"]
[Date "2016.08.27"]
[Round "9.41"]
[White "Karatiken, Seray"]
[Black "Espinosa, Cancino Monica"]
[Result "1/2-1/2"]
[WhiteElo "1489"]
[BlackElo "1682"]
[PlyCount "77"]
[EventDate "2016.08.18"]

1. e4 c5 2. Nf3 d6 3. d4 cxd4 4. Nxd4 Nf6 5. Nc3 g6 6. Be3 Bg7 7. f3 O-O 8. Qd2
Nc6 9. Bc4 Nxd4 10. Bxd4 Be6 11. Bb3 Qa5 12. O-O-O Bxb3 13. cxb3 Rfc8 14. Kb1
b5 15. Bxf6 Bxf6 16. Nd5 Qxd2 17. Rxd2 Kg7 18. h4 h5 19. g4 hxg4 20. fxg4 Rh8
21. Nxf6 Kxf6 22. Rd5 a6 23. Kc2 Rh7 24. Kd3 Ke6 25. a4 Rb8 26. Rh2 Kd7 27.
axb5 axb5 28. e5 Rbh8 29. exd6 exd6 30. h5 Kc6 31. Rg5 Rh6 32. Ke4 Kb6 33. Rd5
Re8+ 34. Kd4 Re6 35. Rf2 gxh5 36. gxh5 Re1 37. Kc3 Kc6 38. Rff5 Rc1+ 39. Kb4
$11 1/2-1/2

[Event "European Youth Chess Championship G16"]
[Site "Prague, Top Hotel Prague"]
[Date "2016.08.27"]
[Round "9.42"]
[White "Smith, Sarah E"]
[Black "Blond Hanten, Elsa"]
[Result "1/2-1/2"]
[WhiteElo "1478"]
[BlackElo "1731"]
[PlyCount "56"]
[EventDate "2016.08.18"]

1. c4 Nf6 2. Nc3 d5 3. cxd5 Nxd5 4. g3 g6 5. Bg2 c6 6. Nf3 Bg7 7. O-O O-O 8.
Nxd5 cxd5 9. Rb1 Nc6 10. b3 e5 11. d3 b6 12. Bd2 Bb7 13. b4 a6 14. Qb3 e4 15.
Ng5 Nd4 16. Qd1 Re8 17. e3 Qxg5 18. exd4 Qf5 19. dxe4 dxe4 20. Be3 Red8 21. Qd2
Qd5 22. Rfd1 Rac8 23. Bf1 Rd7 24. Bh3 f5 25. Qb2 Rcd8 26. b5 axb5 27. Qxb5 Qxb5
28. Rxb5 Bxd4 1/2-1/2

[Event "European Youth Chess Championship G16"]
[Site "Prague, Top Hotel Prague"]
[Date "2016.08.27"]
[Round "9.43"]
[White "Koljevic, Nikolina"]
[Black "Smajzrova, Veronika"]
[Result "1-0"]
[WhiteElo "1509"]
[BlackElo "1442"]
[PlyCount "87"]
[EventDate "2016.08.18"]

1. e4 d5 2. exd5 Nf6 3. d4 Nxd5 4. Nf3 Bg4 5. c4 Nb6 6. Be2 e6 7. h3 Bh5 8. Be3
N8d7 9. Nbd2 Be7 10. O-O O-O 11. Rc1 Re8 12. Ne4 Nf6 13. Ng3 Bxf3 14. Bxf3 c6
15. a3 a5 16. Re1 Bd6 17. Ne2 Bc7 18. Bf4 e5 19. dxe5 Bxe5 20. Bxe5 Qxd1 21.
Rcxd1 Rxe5 22. Rd4 c5 23. Rf4 Nbd7 24. h4 h6 25. h5 Nxh5 26. Bxh5 Rxh5 27. Nc3
Re5 28. Rd1 Nf6 29. Rd6 Rae8 30. Rb6 R8e7 31. Rb5 R5e6 32. Rxc5 g5 33. Rd4 Rb6
34. Na4 Rb3 35. Rxa5 b6 36. Ra8+ Kg7 37. Rb8 Ra7 38. Rxb6 Rxb6 39. Nxb6 Ra5 40.
Nd7 Ne8 41. c5 Ra8 42. Rc4 Rc8 43. Nb6 Rc7 44. a4 1-0

[Event "European Youth Chess Championship G16"]
[Site "Prague, Top Hotel Prague"]
[Date "2016.08.27"]
[Round "9.44"]
[White "Nepomnyaschaya, Mariya"]
[Black "Bierska, Adela"]
[Result "1-0"]
[WhiteElo "1569"]
[BlackElo "1722"]
[PlyCount "69"]
[EventDate "2016.08.18"]

1. e4 e6 2. d3 d5 3. Qe2 Be7 4. g3 Nf6 5. Bg2 O-O 6. Nf3 c5 7. O-O Nc6 8. e5
Nd7 9. c4 d4 10. h4 Qc7 11. Bf4 a6 12. Nbd2 Qb6 13. Rfb1 Bd8 14. Nf1 Bc7 15.
N1h2 Qa7 16. Ng4 Qb8 17. Re1 b5 18. Ng5 Bb7 19. b3 b4 20. h5 a5 21. Qe4 g6 22.
hxg6 hxg6 23. Qe2 a4 24. Ne4 axb3 25. axb3 Kh7 26. Nef6+ Nxf6 27. Nxf6+ Kg7 28.
Nd7 Qc8 29. Nxf8 Kxf8 30. Bf3 Na5 31. Rab1 Qb8 32. Kg2 Ke7 33. Rh1 Bxf3+ 34.
Qxf3 Bxe5 35. Bxe5 1-0

[Event "European Youth Chess Championship G16"]
[Site "Prague, Top Hotel Prague"]
[Date "2016.08.27"]
[Round "9.46"]
[White "Condes, Alexie Sheen"]
[Black "Novotna, Tereza"]
[Result "0-1"]
[WhiteElo "1469"]
[BlackElo "1566"]
[PlyCount "72"]
[EventDate "2016.08.18"]

1. e4 c5 2. Nf3 Nc6 3. d4 cxd4 4. Nxd4 g6 5. Nc3 Bg7 6. Nb3 Nf6 7. Be2 O-O 8.
O-O d6 9. Bg5 a5 10. a4 Be6 11. Kh1 Rc8 12. Bf3 Ne5 13. Nd4 Bc4 14. Re1 Nxf3
15. Nxf3 Ng4 16. Kg1 Re8 17. h3 Ne5 18. Re3 Qb6 19. b3 Be6 20. Rb1 Nxf3+ 21.
Qxf3 Qc5 22. Nd5 Bxd5 23. exd5 Qxc2 24. Rbe1 Bc3 25. R1e2 Qb1+ 26. Kh2 Be5+ 27.
Bf4 Qf5 28. Bxe5 Qxf3 29. Rxf3 dxe5 30. Rxe5 f6 31. Rfe3 fxe5 32. Rxe5 Rc5 33.
f4 e6 34. d6 Rxe5 35. fxe5 Kf7 36. Kg3 Rc8 0-1